Statistics for NFL Top 100 Players of 2019

Click here to take the quiz!

General Stats

  • This quiz has been taken 6,200 times
  • The average score is 70 of 100

Answer Stats

RankPositionTeamPlayer% Correct
4QBKCPatrick Mahomes
99%
6QBNETom Brady
99%
2QBNODrew Brees
98%
1DTLARAaron Donald
97%
8QBGBAaron Rodgers
95%
9WRATLJulio Jones
94%
97CBDALByron Jones
92%
36DEKCChris Jones
92%
3LBCHIKhalil Mack
92%
5RBLARTodd Gurley
92%
21TEKCTravis Kelce
92%
11WRHOUDeandre Hopkins
91%
12DEHOUJJ Watt
91%
13WRNOMichael Thomas
91%
25QBSEARussell Wilson
91%
19WRKCTyreek Hill
91%
18RBDALEzekiel Elliott
90%
72CPHIJason Kelce
90%
17QBLACPhilip Rivers
90%
16RBNYGSaquon Barkley
90%
14RBNOAlvin Kamara
89%
35WRGBDavante Adams
89%
93LBPITTJ Watt
89%
37SNYJJamal Adams
88%
32QBLARJared Goff
88%
10LBDENVon Miller
88%
20QBINDAndrew Luck
87%
51QBHOUDeshaun Watson
86%
29TESFGeorge Kittle
86%
47WRPITJuJu Smith-Schuster
86%
23WRCLEOdell Beckham Jr.
86%
50QBCLEBaker Mayfield
84%
15LBSEABobby Wagner
84%
27CBJAXJalen Ramsey
84%
64WRDALAmari Cooper
82%
44QBPITBen Roethlisberger
82%
83SMINHarrison Smith
82%
61LBDALJaylon Smith
82%
38WRLACKeenan Allen
82%
53WRTBMike Evans
82%
52TDALTyron Smith
82%
33WRMINAdam Thielen
81%
7WROAKAntonio Brown
81%
22CBNEStephon Gilmore
81%
69QBATLMatt Ryan
80%
40TEPHIZach Ertz
78%
58WRCINAJ Green
77%
24LBCARLuke Kuechly
77%
96QBPHICarson Wentz
76%
87QBCARCam Newton
75%
42RBCARChristian McCaffrey
75%
99RBTENDerrick Henry
75%
78QBMINKirk Cousins
75%
28DTPHIFletcher Cox
74%
49DECLEMyles Garrett
74%
73WRMINStefon Diggs
74%
56DELACJoey Bosa
73%
60WRARILarry Fitzgerald
71%
30SCHIEddie Jackson
70%
84WRCLEJarvis Landry
70%
34RBLACMelvin Gordon
70%
46CBARIPatrick Peterson
70%
41DENOCameron Jordan
68%
98WRSEATyler Lockett
68%
70WRINDT.Y. Hilton
67%
31SLACDerwin James
66%
90WRNEJulian Edelman
66%
80RBBALMark Ingram
64%
48DELACMelvin Ingram
63%
62RBPITJames Conner
62%
63DEHOUJadeveon Clowney
59%
26LBINDDarius Leonard
58%
55CBMIAXavien Howard
57%
59GDALZack Martin
57%
45DEDALDemarcus Lawrence
56%
76WRLARRobert Woods
54%
81TWASTrent Williams
52%
54DEJAXCalais Campbell
51%
68RBDENPhillip Lindsay
51%
86CBDETDarius Slay
49%
89SNEDevin McCourty
48%
57DEMINDanielle Hunter
47%
79DTCINGeno Atkins
46%
74LBDALLeighton Vander-Esch
46%
88DTPITCameron Heyward
45%
43TGBDavid Bakhtiari
44%
82LBDENBradley Chubb
40%
66TEINDEric Ebron
40%
91TLARAndrew Whitworth
39%
39DTCHIAkiem Hicks
38%
71LBNYJC.J. Mosley
36%
100SLAREric Weddle
36%
95CBCHIKyle Fuller
36%
77TTENTaylor Lewan
34%
75DTTBGerald McCoy
28%
65DETBJason Pierre-Paul
28%
94TKCMitchell Schwartz
25%
92DTTENJurrell Casey
24%
85DESEAFrank Clark
23%
67LBSFDee Ford
14%

Score Distribution

Percentile by Number Answered

Percent of People with Each Score

Your Score History

You have not taken this quiz